| 000 | 00411nam a22001457a 4500 | ||
|---|---|---|---|
| 008 | 160512b xxu||||| |||| 00| 0 eng d | ||
| 020 | _a9966469532 | ||
| 050 |
_aPL 8704 _b.N3M75 |
||
| 100 | _aMtobwa, Ben R. | ||
| 245 | _aNajisikia kuua tena / | ||
| 260 |
_aNairobi: _bMkuki Books, _c1993 |
||
| 300 | _a100 p. | ||
| 650 | _aSwahili literature | ||
| 942 |
_2lcc _cAFRICANA _hPL 8704 .N3M75 _kAfricana _019 |
||
| 999 |
_c11145 _d11145 |
||